Match the dictator to the country - Statistics

General Stats
  • This quiz has been taken 54 times
  • The average score is 21 of 30
Answer Stats
Hint Answer % Correct
Adolf Hitler Germany
100%
Benito Mussolini Italy
100%
Kim Jong Un North Korea
100%
Mao Zedong China
98%
Francisco Franco Spain
96%
Saddam Hussein Iraq
94%
Muammar Gaddafi Libya
90%
Augusto Pinochet Chile
88%
Ruhollah Khomeini Iran
88%
Hideki Tojo Japan
88%
Joseph Stalin Soviet Union
88%
Pol Pot Cambodia
82%
Nicolae Ceaușescu Romania
80%
Josip Tito Yugoslavia
72%
Antonio Salazar Portugal
66%
Leopoldo Galtieri Argentina
64%
François Duvalier Haiti
64%
Idi Amin Uganda
64%
Enver Hoxha Albania
62%
Robert Mugabe Zimbabwe
62%
Ferdinand Marcos Philippines
60%
Getúlio Vargas Brazil
58%
Manuel Noriega Panama
52%
Saparmurat Atayevich Niyazov Turkmenistan
52%
Erich Honecker East Germany
48%
Rafael Trujillo Dominican Republic
46%
Syngman Rhee South Korea
34%
Charles Taylor Liberia
26%
Francisco Nguema Equatorial Guinea
24%
Enver Pasha Ottoman Empire
18%
No matching quizzes found
Score Distribution
Percent of People with Each Score
Percentile by Number Answered
Your Score History
You have not taken this quiz